00446 2200169 4500001002100000005001500021035002000036245005500056100001600111250001700127300003200144260003500176082001000211084001600221020002200237650001700259INLIS00000000000052120240816064336 a0010-08240000391 aKreatif dan Terampil Membuat Bordir /cNur Rokhman0 aNur Rokhman acetakan ke-1 avi, 34 hlm :bilus ;c21 cm aJakarta :bGaneca Exact,c2007 a745.5 a745.5 NUR k a978-979-571-450-7 4aKeterampilan